Bạch Thái Bưởi - Khẳng định doanh tài đất Việt
Tập sách kể chuyện về triết lí và bí quyết kinh doanh thành công của doanh nhân Việt Nam Bạch Thái Bưởi trong hoạt động kinh doanh: buôn gỗ, thầu thuế chợ, kinh doanh thuyền trên sông nước, khai mỏ...
محفوظ في:
| المؤلف الرئيسي: | |
|---|---|
| مؤلف مشترك: | |
| التنسيق: | كتاب |
| اللغة: | Vietnamese |
| منشور في: |
Tp. Hồ Chí Minh
Trẻ , Tổ Hợp Giáo Dục PACE
2007
|
| سلاسل: | Đạo kinh doanh Việt Nam và Thế giới
|
| الموضوعات: | |
| الوسوم: |
إضافة وسم
لا توجد وسوم, كن أول من يضع وسما على هذه التسجيلة!
|
| Thư viện lưu trữ: | Thư viện Trường Đại học Nam Cần Thơ |
|---|
| LEADER | 01200nam a22002177a 4500 | ||
|---|---|---|---|
| 001 | NCT_4_013201 | ||
| 008 | 240927b xxu||||| |||| 00| 0 vie d | ||
| 999 | |c 8624 |d 8624 | ||
| 020 | |c 40000 | ||
| 082 | 0 | 4 | |2 23rd ed. |a 330 |b Qu451 |
| 100 | 1 | |a Lê Minh Quốc | |
| 245 | 1 | 0 | |a Bạch Thái Bưởi |b - Khẳng định doanh tài đất Việt |c Lê Minh Quốc , các chuyên gia của PACE |
| 260 | |a Tp. Hồ Chí Minh |b Trẻ , Tổ Hợp Giáo Dục PACE |c 2007 | ||
| 300 | |a 192 tr. |c 20 cm | ||
| 490 | |a Đạo kinh doanh Việt Nam và Thế giới | ||
| 520 | 3 | |a Tập sách kể chuyện về triết lí và bí quyết kinh doanh thành công của doanh nhân Việt Nam Bạch Thái Bưởi trong hoạt động kinh doanh: buôn gỗ, thầu thuế chợ, kinh doanh thuyền trên sông nước, khai mỏ... | |
| 653 | |a Sách tham khảo | ||
| 710 | |a Các chuyên gia của PACE | ||
| 942 | |2 ddc |c BK | ||
| 952 | |0 0 |1 0 |2 ddc |4 0 |6 330_000000000000000_QU451 |7 0 |9 29547 |a 000001 |b 000001 |d 2024-09-27 |o 330 Qu451 |p TK.04680 |r 2024-09-27 |v 40000.00 |w 2024-09-27 |y BK | ||
| 980 | |a Thư viện Trường Đại học Nam Cần Thơ | ||